Whose pocket are you in? (Record no. 63655)

MARC details
000 -LEADER
fixed length control field 00863cam a2200253 4500
001 - CONTROL NUMBER
control field ABS62316
008 - FIXED-LENGTH DATA ELEMENTS--GENERAL INFORMATION
fixed length control field 000000n2000 000 0 eng u
035 ## - SYSTEM CONTROL NUMBER
System control number (Sirsi) u106290
100 ## - MAIN ENTRY--PERSONAL NAME
Personal name Bingham, T
245 ## - TITLE STATEMENT
Title Whose pocket are you in?
260 ## - PUBLICATION, DISTRIBUTION, ETC.
Date of publication, distribution, etc. 2000
490 ## - SERIES STATEMENT
Series statement Building
Volume/sequential designation 265(8136) 12 May 2000, 61(1)
520 ## - SUMMARY, ETC.
Summary, etc. Discusses two recent cases that illustrate how important impartiality is to judges, arbitrators and expert witnesses. Even a remote connection can be enough to get them thrown off a case.
590 ## - LOCAL NOTE (RLIN)
Local note ABS
650 ## - SUBJECT ADDED ENTRY--TOPICAL TERM
Topical term or geographic name entry element ARBITRATORS
650 ## - SUBJECT ADDED ENTRY--TOPICAL TERM
Topical term or geographic name entry element EXPERT WITNESS
9 (RLIN) 6239
650 ## - SUBJECT ADDED ENTRY--TOPICAL TERM
Topical term or geographic name entry element JUDGE
650 ## - SUBJECT ADDED ENTRY--TOPICAL TERM
Topical term or geographic name entry element IMPARTIALITY
650 ## - SUBJECT ADDED ENTRY--TOPICAL TERM
Topical term or geographic name entry element SAVE & PROSPER PENSIONS V HOMEBASE LTD AND PETER JF CLARKE
650 ## - SUBJECT ADDED ENTRY--TOPICAL TERM
Topical term or geographic name entry element ANGLO V WINTHER BROWNE
650 ## - SUBJECT ADDED ENTRY--TOPICAL TERM
Topical term or geographic name entry element GRETTON V BRITISH MILLERAIN
690 ## - LOCAL SUBJECT ADDED ENTRY--TOPICAL TERM (OCLC, RLIN)
Topical term or geographic name as entry element Dispute resolution
9 (RLIN) 6236
942 ## - ADDED ENTRY ELEMENTS (KOHA)
Suppress in OPAC 0
Holdings
Withdrawn status Lost status Source of classification or shelving scheme Damaged status Not for loan Home library Current library Shelving location Date acquired Total Checkouts Full call number Barcode Date last seen Copy number Price effective from Koha item type
    Dewey Decimal Classification     London London Journal article 07/06/2000   ABS62316 106290-1001 06/08/2019 1 06/08/2019 Journal article